Catalog

Record Details

Catalog Search



Volkstümliche Geschichte der Juden : in drei Bänden. Band 3, Von der massenhaften Zwangstaufen der Juden in Spanien bis in die Gegenwart / H. Graetz

Record details

  • Physical Description: 781 s.
  • Publisher: Berlin : Harz, 1923

Content descriptions

General Note:
Register.
Subject: židovské dějiny, kultura
Genre: monografie

Available copies

  • 1 of 1 copy available at Common Catalog SPOK.

Holds

  • 0 current holds with 1 total copy.
Show All Copies
Location Call Number / Copy Notes Barcode Shelving Location Status Due Date
The Jewish community of Prague J 13 / 3 b 4638304305 J - Judaika Available -

LDR 00827cam a22002537a 4500
00156404
003CZ-PrJAB
00520020416000000.0
007ta
008960821s1923 gw |||||r|||||||| ||ger|d
035 . ‡a(CZ PrSKC)990002644240106986
040 . ‡aABD005 ‡bcze ‡cABD005 ‡dABD005
044 . ‡agw ‡aau
1001 . ‡aGraetz, Heinrich, ‡d1817-1891 ‡7skuk0002721 ‡4aut
24510. ‡aVolkstümliche Geschichte der Juden : ‡bin drei Bänden. ‡nBand 3, ‡pVon der massenhaften Zwangstaufen der Juden in Spanien bis in die Gegenwart / ‡cH. Graetz
260 . ‡aBerlin : ‡bHarz, ‡c1923
300 . ‡a781 s.
500 . ‡aRegister.
65004. ‡ažidovské dějiny, kultura
655 7. ‡amonografie ‡7fd132842 ‡2czenas
910 . ‡aABD005 ‡x990002644240106986 ‡wl
910 . ‡aABE461 ‡b13/3 b
995 . ‡aska
910 . ‡aTAE001 ‡bB3194/3 ‡pprezenčně
901 . ‡a56404 ‡bAUTOGEN ‡c56404 ‡tbiblio

Additional Resources